<?xml version="1.0" encoding="UTF-8"?>
<marc:record xmlns:marc="http://www.loc.gov/MARC21/slim">
   <marc:leader>00000nam a2200000 a 4500</marc:leader>
   <marc:datafield ind1="1" ind2=" " tag="100">
      <marc:subfield code="a">Sonnleitner, Marco</marc:subfield>
      <marc:subfield code="4">aut</marc:subfield>
      <marc:subfield code="e">Verfasser/-in</marc:subfield>
   </marc:datafield>
   <marc:datafield ind1="0" ind2="0" tag="245">
      <marc:subfield code="a">Die drei Fragezeichen - Das Geheimnis der sieben Palmen</marc:subfield>
   </marc:datafield>
   <marc:datafield ind1=" " ind2="1" tag="264">
      <marc:subfield code="a">Stuttgart</marc:subfield>
      <marc:subfield code="b">Franckh-Kosmos Verlags-GmbH</marc:subfield>
      <marc:subfield code="c">2025</marc:subfield>
   </marc:datafield>
   <marc:datafield ind1="1" ind2=" " tag="490">
      <marc:subfield code="a">¬Die¬ drei ???</marc:subfield>
      <marc:subfield code="v">239</marc:subfield>
   </marc:datafield>
   <marc:datafield ind1="1" ind2=" " tag="520">
      <marc:subfield code="a">Warum wurde bei John Lehmann eingebrochen? Als Justus dem älteren Nachbarn zur Hilfe eilt, wird er selbst überrumpelt. Wer ist die dunkle Gestalt? Justus konnte nur eine Person in einem Umhang, mit einer Schiebermütze und einer Sonnenbrille erkennen. Und was wollte dieser Jemand bei Herrn Lehmann? Bald steht fest: Die kleine Bibliothek wurde verwüstet. Die wertvolle Ausgabe eines Romans von Thomas Mann fehlt! Die Ermittlungen führen Justus, Peter und Bob zur 'Villa Aurora' nach Seven Palms. In diesem Haus lebte der deutsche Literatur-Nobelpreisträger bis 1952. Was finden die drei ??? dort heraus? (Verl.txt)</marc:subfield>
   </marc:datafield>
   <marc:datafield ind1=" " ind2=" " tag="020">
      <marc:subfield code="a">9783440179413</marc:subfield>
      <marc:subfield code="9">9783440179413</marc:subfield>
   </marc:datafield>
   <marc:datafield ind1=" " ind2=" " tag="020">
      <marc:subfield code="a">3440179419</marc:subfield>
      <marc:subfield code="9">3440179419</marc:subfield>
   </marc:datafield>
   <marc:datafield ind1=" " ind2=" " tag="300">
      <marc:subfield code="a">159 S.</marc:subfield>
   </marc:datafield>
</marc:record>
